Flags of Separatist Movements in Sudan - Statistics

General Stats
  • This quiz has been taken 10 times
  • The average score is 2 of 7
Answer Stats
Picture Hint Answer % Correct
Independent sultanate before British colonisation Darfur
100%
River Nile Nubia
50%
Descendants of Funj Sultanate Blue Nile
25%
Nuba Mountains Kordofan
25%
Independent sultanate before Anglo-Egyptian annexation Dar Masalit
13%
Home to Beja people Eastern Sudan
13%
Baggara Arabs claim this land Kadamol
13%
No matching quizzes found
Score Distribution
Percent of People with Each Score
Percentile by Number Answered
Your Score History
You have not taken this quiz